|
|
|
|
| LEADER |
00000nab a2200000 a 4500 |
| 001 |
vtls000619083 |
| 003 |
SK-MaSNL |
| 005 |
20260303122401.0 |
| 008 |
131021c1997 xo 0 slo |
| 015 |
|
|
|a SNBRB19rr/mm-uuuuu
|
| 035 |
|
|
|a CL0619222
|
| 040 |
|
|
|a SNKBUCL
|b slo
|c SNKBUCL
|e AACR2
|
| 041 |
0 |
|
|a slo
|
| 044 |
|
|
|a xo
|c SK
|
| 080 |
|
|
|a 82.09:820 (73)-3(048)
|2 1981
|
| 080 |
|
|
|a 820 (73)-3(048)
|2 1981
|
| 100 |
1 |
|
|a Sulík, Ivan,
|d 1943-2021
|4 aut
|9 223328
|
| 245 |
1 |
0 |
|a Všetky tváre Ameriky
|c Ivan Sulík
|
| 650 |
0 |
7 |
|a romány psychologické
|2 snkbucl
|9 653970
|
| 655 |
|
7 |
|a články z novín a časopisov
|2 snkbucl
|9 267496
|
| 655 |
|
7 |
|a články z odboru literárna veda a krásna literatúra
|2 snkbucl
|9 770045
|
| 773 |
0 |
|
|t Slovenské pohľady
|g Roč. 4+113, č. 4 (1997), s. 122-125
|
| 787 |
0 |
8 |
|i Rec.:
|a Morrison, Toni
|t Džez
|d Bratislava : Slovenský spisovateľ, 1996
|
| 850 |
|
|
|a Slovenská národná knižnica v Martine
|a MTA001
|
| 852 |
|
|
|a SNK
|b KIS3GCP
|
| 958 |
|
|
|a LX
|
| 958 |
|
|
|a US
|
| 958 |
|
|
|a RK
|
| 992 |
|
|
|a RBX
|
| 999 |
|
|
|c 1920697
|d 1922627
|